000
00237nam a22000977a 4500
008
240219b |||||||| |||| 00| 0 eng d
082
_a
A LYOm Ej.1
100
1
0
_a
Lyona
_e
Ilustradora
_9
43445
245
_a
Un monstruo /
_c
Lyona
942
_2
ddc
999
_c
30621
_d
17005